| 000 | 01202nam a2200277 i 4500 | ||
|---|---|---|---|
| 001 | 189214 | ||
| 003 | SpMaBN | ||
| 005 | 20240104171405.0 | ||
| 008 | 190425s2017 sp ac |||| |cspa d | ||
| 020 | _a978-84-947692-9-0 | ||
| 080 | _a378.4(460.271)"19" | ||
| 080 | _a929(460)"19":61 | ||
| 245 | 0 | 0 |
_aMedio siglo de medicina española _b: memorias de la promoción 1958/59 - 1965 / _cRamón Gómez Recio, Santiago Giménez Roldán (eds.) ; [autores, Antonio Barceló Rosselló, Luis Cifuentes de Castro, Manuel Díaz-Rubio García ... et al.]. |
| 260 |
_aSantander : _bTantín, _c[2017] |
||
| 300 |
_a488 p. : _bil. col. y n., retr. ; _c21 cm. |
||
| 500 | _aÍndice. | ||
| 610 | 2 |
_aUniversidad Complutense de Madrid. _bFacultad de Medicina- _vHistoria. _9166892 |
|
| 650 | 7 |
_aMédicos- _zEspaña- _vBiografías. _9144463 |
|
| 700 | 1 |
_aGómez Recio, Ramón. _9166893 |
|
| 700 | 1 |
_aGiménez Roldán, Santiago. _9161651 |
|
| 700 | 1 |
_aBarceló Rosselló, Antonio. _9166894 |
|
| 852 |
_aES-MaACL _jA-14503 _9196352 _bR.152061 _cDEPO1 _dOlim: N-7503 _hDonación: Santiago Giménez Roldán |
||
| 903 |
_9161651 _aGiménez Roldán, Santiago _ednr |
||
| 942 |
_2udc _cMONOGRAFIA |
||
| 999 |
_c189214 _d189214 |
||